Domenikos Theotokopoulos called El Greco (Record no. 4943)

MARC details
000 -CABECERA
campo de control de longitud fija 00808nam a2200253 a 4500
001 - NÚMERO DE CONTROL
campo de control BRCA_5249
005 - FECHA Y HORA DE LA ÚLTIMA TRANSACCIÓN
campo de control 20190320205013.0
008 - DATOS DE LONGITUD FIJA--INFORMACIÓN GENERAL
campo de control de longitud fija 301110s1937----fr-a######---#000-0#fre-#
041 ## - CÓDIGO DE LENGUA
Código de lengua del texto/banda sonora o título independiente fre
044 ## - CÓDIGO DEL PAÍS DE LA ENTIDAD EDITORA/PRODUCTORA
Código MARC del país fr
050 #4 - SIGNATURA TOPOGRÁFICA DE LA BIBLIOTECA DEL CONGRESO
Número de clasificación ND813
Número de documento/Ítem .L44 1937
100 1# - ENTRADA PRINCIPAL--NOMBRE DE PERSONA
Nombre de persona Legendre, M.
9 (RLIN) 13449
245 10 - MENCIÓN DE TÍTULO
Título Domenikos Theotokopoulos called El Greco
Mención de responsabilidad, etc. by M. Legendre and A. Hartmann.
260 ## - PUBLICACIÓN, DISTRIBUCIÓN, ETC.
Lugar de publicación, distribución, etc. París
Nombre del editor, distribuidor, etc. Hypérion
Fecha de publicación, distribución, etc. 1937
300 ## - DESCRIPCIÓN FÍSICA
Extensión 512 p.
Otras características físicas il. (algunas a color)
Dimensiones 25 cm.
500 ## - NOTA GENERAL
Nota general Incluye lista de pinturas, índice de colecciones e índice de ilustraciones
500 ## - NOTA GENERAL
Nota general E69
504 ## - NOTA DE BIBLIOGRAFÍA, ETC.
Nota de bibliografía, etc. Bibliografía: p. 495-496
600 14 - PUNTO DE ACCESO ADICIONAL DE MATERIA--NOMBRE DE PERSONA
Nombre de persona Theotocoupulli, Dominico
Títulos y otros términos asociados al nombre llamado El Greco
Fechas asociadas al nombre m. 1614
9 (RLIN) 13450
650 14 - PUNTO DE ACCESO ADICIONAL DE MATERIA--TÉRMINO DE MATERIA
Término de materia o nombre geográfico como elemento de entrada Pintores españoles
9 (RLIN) 7620
700 1# - PUNTO DE ACCESO ADICIONAL--NOMBRE DE PERSONA
Nombre de persona Hartmann, A.
Término indicativo de función/relación coaut.
9 (RLIN) 13451
902 ## - CATALOGADOR
Iniciales GFM
942 ## - ELEMENTOS DE PUNTO DE ACCESO ADICIONAL (KOHA)
Fuente del sistema de clasificación o colocación Library of Congress Classification
Tipo de ítem Koha Libros
Holdings
Estado de retiro Estado de pérdida Estado dañado No para préstamo Localización permanente Ubicación/localización actual Fecha de adquisición Número de inventario Total de préstamos Signatura topográfica completa Código de barras Fecha visto por última vez Precio válido a partir de Tipo de ítem Koha
El ejemplar forma parte de la colección y puede ser consultado según las políticas vigentes.       Biblioteca del Museo Franz Mayer (Rogerio Casas-Alatriste) Biblioteca del Museo Franz Mayer (Rogerio Casas-Alatriste) 30/11/2010 E69   ND813 .L44 1937 (E69) 5684 22/03/2019 22/03/2019 Libros